Statistics for Find The Mystery Country Using Color Clues #1

Click here to take the quiz!

General Stats

  • This quiz has been taken 48,915 times
    (48,398 since last reset)
  • The average score is 68 of 196

Answers on the Map

Answers color-coded by a green-red scale on the quiz's map according to % correct below.
Loading ...
CLOSEFAR
 

Answer Stats

Country% Correct
Russia
72%
Germany
69%
United Kingdom
69%
United States
69%
France
69%
China
57%
Poland
57%
Italy
56%
Spain
54%
Austria
53%
Switzerland
50%
Canada
49%
Denmark
49%
Sweden
48%
Norway
46%
Greece
44%
Brazil
44%
Belgium
43%
India
43%
Netherlands
43%
Czech Republic
43%
Ireland
42%
Iceland
42%
Hungary
41%
Turkey
41%
Australia
41%
Mexico
41%
Egypt
41%
Finland
40%
Japan
39%
Luxembourg
38%
Iran
37%
Croatia
37%
Ukraine
37%
Slovakia
37%
Portugal
37%
Serbia
37%
South Africa
36%
Liechtenstein
36%
Malta
36%
Democratic Republic
of the Congo
36%
Romania
36%
Algeria
36%
Vatican City
35%
Republic of the Congo
35%
Morocco
35%
Mongolia
35%
Saudi Arabia
35%
San Marino
35%
Belarus
34%
Estonia
34%
Iraq
34%
Libya
34%
Bosnia and
Herzegovina
34%
Chile
34%
Argentina
34%
Bulgaria
34%
Kazakhstan
34%
Albania
34%
Israel
34%
Cyprus
33%
Niger
33%
Syria
33%
Peru
33%
Andorra
33%
Tunisia
33%
Latvia
33%
Kosovo
33%
Indonesia
33%
Monaco
33%
Sudan
33%
Panama
33%
New Zealand
33%
Afghanistan
33%
Pakistan
33%
Cuba
33%
Chad
33%
Yemen
32%
Turkmenistan
32%
Nigeria
32%
Oman
32%
Mali
32%
United Arab Emirates
32%
Uzbekistan
32%
Dominican Republic
32%
Nepal
32%
South Korea
32%
Fiji
32%
Montenegro
32%
Uruguay
32%
Bolivia
32%
Costa Rica
32%
Guatemala
32%
North Macedonia
32%
Colombia
32%
Azerbaijan
32%
Vietnam
32%
Lebanon
32%
Thailand
32%
North Korea
32%
Jordan
32%
Lithuania
32%
Central African Republic
32%
Armenia
32%
Moldova
32%
Georgia
32%
Mauritania
31%
Cameroon
31%
Eritrea
31%
Benin
31%
Kuwait
31%
Burkina Faso
31%
Qatar
31%
Bahrain
31%
Togo
31%
Cape Verde
31%
Senegal
31%
Guyana
31%
Malaysia
31%
Taiwan
31%
Cambodia
31%
Venezuela
31%
Jamaica
31%
Mauritius
31%
Lesotho
31%
Haiti
31%
Belize
31%
Eswatini
31%
Laos
31%
Suriname
31%
Bahamas
31%
Trinidad and Tobago
31%
Grenada
31%
Madagascar
31%
Honduras
31%
Nicaragua
31%
Saint Lucia
31%
Federated States of
Micronesia
31%
Samoa
31%
Vanuatu
31%
Tuvalu
31%
Solomon Islands
31%
Kiribati
31%
Nauru
31%
Papua New Guinea
31%
Marshall Islands
31%
Singapore
31%
East Timor
31%
Palau
31%
Paraguay
31%
Ecuador
31%
Brunei
31%
Philippines
31%
El Salvador
31%
Saint Vincent and the
Grenadines
31%
Barbados
31%
Ghana
31%
Sierra Leone
31%
Somalia
31%
Uganda
31%
Gabon
31%
São Tomé and Príncipe
31%
Liberia
31%
Tonga
31%
Equatorial Guinea
31%
Ethiopia
31%
Dominica
31%
Kyrgyzstan
31%
Ivory Coast
31%
Guinea
31%
South Sudan
31%
Djibouti
31%
Gambia
31%
Tajikistan
31%
Rwanda
31%
Kenya
31%
Burundi
31%
Tanzania
31%
Saint Kitts and Nevis
31%
Namibia
31%
Botswana
31%
Antigua and Barbuda
31%
Myanmar
31%
Sri Lanka
31%
Mozambique
31%
Maldives
31%
Zimbabwe
31%
Bangladesh
31%
Comoros
31%
Seychelles
31%
Malawi
31%
Bhutan
31%
Zambia
31%
Angola
31%
Guinea-Bissau
30%
Mystery Country
30%

Score Distribution

Percentile by Number Answered

Percent of People with Each Score

Your Score History

You have not taken this quiz since the last reset